Welcome to the Holygrace Academy Library

Please use search bar below to get started

ACCIDENTAL SCIENTIST (Record no. 6900)

MARC details
000 -LEADER
fixed length control field 00323nam a22001217a 4500
082 ## - DEWEY DECIMAL CLASSIFICATION NUMBER
Classification number 509
Item number DON/A
100 ## - MAIN ENTRY--AUTHOR NAME
Personal name DONALD, CRAEME
245 ## - TITLE STATEMENT
Title ACCIDENTAL SCIENTIST
Remainder of title 24 DISCOVERIES THAT CHANGED THE WORLD
260 ## - PUBLICATION, DISTRIBUTION, ETC. (IMPRINT)
Place of publication DELHI
Name of publisher JAICO PUBLISHING HOUSE
300 ## - PHYSICAL DESCRIPTION
Number of Pages 224
650 ## - SUBJECT ADDED ENTRY--TOPICAL TERM
Topical Term SCIENCE RELATED DISCOVERIES
Geographic subdivision DELHI
942 ## - ADDED ENTRY ELEMENTS (KOHA)
Koha item type Books
Holdings
Withdrawn status Lost status Collection code Home library Current library Shelving location Date acquired Source of acquisition Full call number Accession Number Koha item type
    Reference Main Library Main Library NEW SHELF WITH NEW ENTRY 13/09/2023 PURCHASE 509 DON/A 12833 Books